<?xml version="1.0" encoding="UTF-8"?>
<collection xmlns="http://www.loc.gov/MARC21/slim">
 <record>
  <leader>01979nam a22002777a 4500</leader>
  <controlfield tag="001">NCT_68141</controlfield>
  <controlfield tag="008">190906b        xxu||||| |||| 00| 0 vie d</controlfield>
  <datafield tag="999" ind1=" " ind2=" ">
   <subfield code="c">3295</subfield>
   <subfield code="d">3295</subfield>
  </datafield>
  <datafield tag="020" ind1=" " ind2=" ">
   <subfield code="a">9786045879443</subfield>
   <subfield code="c">84000</subfield>
  </datafield>
  <datafield tag="082" ind1="0" ind2="4">
   <subfield code="2">23rd ed.</subfield>
   <subfield code="a">158.1</subfield>
   <subfield code="b">T761</subfield>
  </datafield>
  <datafield tag="100" ind1="1" ind2=" ">
   <subfield code="a">Tracy, Brian</subfield>
  </datafield>
  <datafield tag="245" ind1="1" ind2="0">
   <subfield code="a">Chinh phục mục tiêu =</subfield>
   <subfield code="b">Goals!</subfield>
   <subfield code="c">Brian Tracy ; Nguyễn Trung An, MBA (dịch)</subfield>
  </datafield>
  <datafield tag="250" ind1=" " ind2=" ">
   <subfield code="a">Tái bản lần thứ 8</subfield>
  </datafield>
  <datafield tag="260" ind1=" " ind2=" ">
   <subfield code="a">Tp. Hồ Chí Minh</subfield>
   <subfield code="b">Tổng hợp Tp. Hồ Chí Minh</subfield>
   <subfield code="c">2018</subfield>
  </datafield>
  <datafield tag="300" ind1=" " ind2=" ">
   <subfield code="a">325 tr.</subfield>
   <subfield code="c">21cm</subfield>
  </datafield>
  <datafield tag="520" ind1="3" ind2=" ">
   <subfield code="a">Cuốn sách liệt kê 21 ý tưởng và chiến lược quan trọng nhất trong bước đường tiến đến thành công, dựa theo kinh nghiệm làm việc và kinh nghiệm sống trong suốt nhiều năm ở hơn 80 nước và với nhiều vai trò thuộc 22 lĩnh vực khác nhau của Brian Tracy, một diễn giả về động lực và cách phát triển bản thân người Mỹ gốc Canada.</subfield>
  </datafield>
  <datafield tag="653" ind1=" " ind2=" ">
   <subfield code="a">Sách tham khảo</subfield>
  </datafield>
  <datafield tag="700" ind1="1" ind2=" ">
   <subfield code="a">Nguyễn Trung An</subfield>
   <subfield code="e">Dịch</subfield>
  </datafield>
  <datafield tag="710" ind1="2" ind2=" ">
   <subfield code="a">MBA</subfield>
  </datafield>
  <datafield tag="942" ind1=" " ind2=" ">
   <subfield code="2">ddc</subfield>
   <subfield code="c">BK</subfield>
  </datafield>
  <datafield tag="952" ind1=" " ind2=" ">
   <subfield code="0">0</subfield>
   <subfield code="1">0</subfield>
   <subfield code="2">ddc</subfield>
   <subfield code="4">0</subfield>
   <subfield code="6">158_100000000000000_T761</subfield>
   <subfield code="7">0</subfield>
   <subfield code="9">17627</subfield>
   <subfield code="a">000001</subfield>
   <subfield code="b">000001</subfield>
   <subfield code="d">2019-09-06</subfield>
   <subfield code="o">158.1 T761</subfield>
   <subfield code="p">TK.01642</subfield>
   <subfield code="r">2019-09-06</subfield>
   <subfield code="v">84000.00</subfield>
   <subfield code="w">2019-09-06</subfield>
   <subfield code="y">BK</subfield>
  </datafield>
  <datafield tag="952" ind1=" " ind2=" ">
   <subfield code="0">0</subfield>
   <subfield code="1">0</subfield>
   <subfield code="2">ddc</subfield>
   <subfield code="4">0</subfield>
   <subfield code="6">158_100000000000000_T761</subfield>
   <subfield code="7">0</subfield>
   <subfield code="9">17628</subfield>
   <subfield code="a">000001</subfield>
   <subfield code="b">000001</subfield>
   <subfield code="d">2019-09-06</subfield>
   <subfield code="o">158.1 T761</subfield>
   <subfield code="p">TK.01643</subfield>
   <subfield code="r">2019-09-06</subfield>
   <subfield code="v">84000.00</subfield>
   <subfield code="w">2019-09-06</subfield>
   <subfield code="y">BK</subfield>
  </datafield>
  <datafield tag="952" ind1=" " ind2=" ">
   <subfield code="0">0</subfield>
   <subfield code="1">0</subfield>
   <subfield code="2">ddc</subfield>
   <subfield code="4">0</subfield>
   <subfield code="6">158_100000000000000_T761</subfield>
   <subfield code="7">0</subfield>
   <subfield code="9">17629</subfield>
   <subfield code="a">000001</subfield>
   <subfield code="b">000001</subfield>
   <subfield code="d">2019-09-06</subfield>
   <subfield code="o">158.1 T761</subfield>
   <subfield code="p">TK.01644</subfield>
   <subfield code="r">2019-09-06</subfield>
   <subfield code="v">84000.00</subfield>
   <subfield code="w">2019-09-06</subfield>
   <subfield code="y">BK</subfield>
  </datafield>
  <datafield tag="952" ind1=" " ind2=" ">
   <subfield code="0">0</subfield>
   <subfield code="1">0</subfield>
   <subfield code="2">ddc</subfield>
   <subfield code="4">0</subfield>
   <subfield code="6">158_100000000000000_T761</subfield>
   <subfield code="7">0</subfield>
   <subfield code="9">17630</subfield>
   <subfield code="a">000001</subfield>
   <subfield code="b">000001</subfield>
   <subfield code="d">2019-09-06</subfield>
   <subfield code="o">158.1 T761</subfield>
   <subfield code="p">TK.01645</subfield>
   <subfield code="r">2019-09-06</subfield>
   <subfield code="v">84000.00</subfield>
   <subfield code="w">2019-09-06</subfield>
   <subfield code="y">BK</subfield>
  </datafield>
  <datafield tag="952" ind1=" " ind2=" ">
   <subfield code="0">0</subfield>
   <subfield code="1">0</subfield>
   <subfield code="2">ddc</subfield>
   <subfield code="4">0</subfield>
   <subfield code="6">158_100000000000000_T761</subfield>
   <subfield code="7">0</subfield>
   <subfield code="9">17631</subfield>
   <subfield code="a">000001</subfield>
   <subfield code="b">000001</subfield>
   <subfield code="d">2019-09-06</subfield>
   <subfield code="o">158.1 T761</subfield>
   <subfield code="p">TK.01646</subfield>
   <subfield code="r">2019-09-06</subfield>
   <subfield code="v">84000.00</subfield>
   <subfield code="w">2019-09-06</subfield>
   <subfield code="y">BK</subfield>
  </datafield>
  <datafield tag="980" ind1=" " ind2=" ">
   <subfield code="a">Thư viện Trường Đại học Nam Cần Thơ</subfield>
  </datafield>
 </record>
</collection>
